000
00328nam a22001457a 4500
003
SGT
020
_a
9788129132741
082
_a
920
_b
O14S
100
_a
SINGH, K. NATWAR
245
_a
ONE LIFE IS NOT ENOUGH: AN AUTOBIOGRAPHY
260
_b
RUPA PUBLICATIONS
_c
2014
300
_a
410
650
_a
BIOGRAPHY
942
_2
ddc
_c
BK
999
_c
27697
_d
27697